000 00777nam a2200217Ia 4500
003 GCL
008 140319s9999 xx 000 0 ara d
040 _aGCL /
_cGCL
082 0 4 _a370.9569
_bم ت
100 1 _aماجد الحاج
245 1 0 _aتعليم الفلسطينى فى اسرائيل بين الضبط وثقافة الصمت /
_cماجد الحاج
250 _aالاولى
260 _aبيروت :
_bمركز دراسات الوحدة العربية ،
_c2006
300 _a335ص ؛
_c24سم
650 0 4 _aالتعليم العالى
650 0 4 _aالتعليم - مناهج
650 0 4 _aالتعليم - اغراضه واهدافه
650 0 4 _aالتعليم - اسرائيل
650 0 4 _aالسياسة التعليمية
942 _2ddc
_cBK
999 _c37818
_d37818